Multimetro digital a base de microprocesador

Guardat en:
Dades bibliogràfiques
Autor principal: Coghi Fernández, Adrián
Format: Llibre
Publicat: [San José , Costa Rica] 1985
Etiquetes: Afegir etiqueta
Sense etiquetes, Sigues el primer a etiquetar aquest registre!

MARC

LEADER 00000nam a2200000Ia 4500
003 002826
005 20221231144402.0
008 140114s1985 cr a m 000 ||s d
040 |c cru CEDI 
090 |a TFG 1695 
100 |a Coghi Fernández, Adrián  |9 3801 
245 |a Multimetro digital a base de microprocesador 
260 |c 1985  |a [San José , Costa Rica] 
300 |a 129 hojas algunas plegables :ilustraciones  
500 |a Proyecto de graduación (bachiller en ingeniería eléctrica)--Universidad de Costa Rica. Facultad de Ingeniería. Escuela de Ingeniería Eléctrica."IE-502 Proyecto Eléctrico" 
942 |c TFG 
999 |c 21090  |d 21090